LEADER 01058nam a2200193 i 4500 001 000000242533 003 CaOOAMICUS 005 20150608000000.0 008 150608s1764 it u000 u fre u 013 $a221438 026 $aonny 6661 o-r- dele (3) 1764 (R) 040 $aSeMil$bita 245 10$aDepuis la premier Dimanche de l'Avent, jusqu'au second Dimanche de Carême. Tome 1. 300 $a587 p. 500 $aSegn. : a6 A12-2B6. 773 0 $aCroiset, Jean $tExercices de piété pour tous les Dimanches et les fêtes mobiles de l'année. Contenent e qu'il y a de plus instructif & de plus intéressant dans ces jours-là ... par le r. pere Jean Croiset, de la compagnie de Jesus ... Tome 1.[-5.].$bSixième édition$dA Lyon : Chez Jean-Marie Bruyset, ruë S. Dominique, 1764-1765.$g1$w()32007 850 $aSeMil 852 $aSeMil$W1$xVenegono$y1$m3F II 154 FA$j192879$B192879$CSeMilBibl$Z2$F203657 $8I 996 $6245$aDepuis la premier Dimanche de l'Avent, jusqu'au second Dimanche de Carême. Tome 1$9(OLS)http://semarc/title/344294 LEADER 00805nam a2200193 i 4500 001 000000232460 003 CaOOAMICUS 005 20140828000000.0 008 140828s1762 it u000 u ita u 013 $a211363 026 $atele i.n- m.n- dili (3) 1762 (R) 040 $aSeMil$bita 245 10$aParte 1. 300 $a240 p. 500 $aSegn. : A-K12. 773 0 $aLallemand, Jacques Philippe <1660-1748>$tBrevissima parafrasi de' salmi di David interpretati seguitamente, con il loro senso proprio e letterale, e con l'argomento di ciascun salmo. Dal francese. Parte 1. [-2.].$dIn Venezia : Appresso Pietro Valvasense, 1762.$g1$w()30425 850 $aSeMil 852 $aSeMil$W1$xVenegono$y1$m2Y I 35 FA$j182806$B182806$CSeMilBibl$Z2$F193828 $8I 996 $6245$aParte 1$9(OLS)http://semarc/title/49080